000 00552nam a2200193 i 4500
001 31733
003 ES-MaACL
007 t|
008 030130s1955 sp ||||1| spa d
100 1 _aBaum, Vicki.
_926577
245 1 3 _aEl último día
_b: novela /
_cVicki Baum ; [versión española de Martín Rivas].
260 _aBarcelona :
_bPlaneta,
_c[1955] (
_fAmpurias)
300 _a285 p. ;
_c19 cm.
490 1 _aLuyve
700 1 _aRivas, Martín.
_997564
830 0 _aLuyve
_9181395
852 _aES-MaACL
_jC-9289
_bR.37247
999 _c31733
_d31733